[Event "Malta-Open 2014"]
[Site "Sliema"]
[Date "2014.11.17"]
[Round "1.1"]
[White "Teske, Henrik"]
[Black "Larsen, Arne Walther"]
[Result "1-0"]
[WhiteElo "2502"]
[BlackElo "1842"]
[Annotator "chessorg"]
[PlyCount "35"]
[EventDate "2014.??.??"]
[BlackTeam "Hvidovre.sk"]

1. e4 g6 2. d4 Bg7 3. Nc3 d6 4. Nf3 a6 5. Be3 Nd7 6. Qd2 b5 7. Bd3 Bb7 8. O-O
e6 9. a4 b4 10. Ne2 a5 11. c3 Ngf6 12. Ng3 c5 13. dxc5 bxc3 14. bxc3 d5 15. Bb5
Ba6 16. c6 Bxb5 17. axb5 O-O 18. cxd7 1-0

[Event "Malta-Open 2014"]
[Site "Sliema"]
[Date "2014.11.17"]
[Round "1.2"]
[White "Jassem, Philippe"]
[Black "Petrov, Marijan"]
[Result "0-1"]
[WhiteElo "1841"]
[BlackElo "2497"]
[Annotator "chessorg"]
[PlyCount "72"]
[EventDate "2014.??.??"]
[WhiteTeam "Brussels Chess Club"]

1. e4 c5 2. Nf3 Nc6 3. d4 cxd4 4. Nxd4 Qb6 5. Nb3 Nf6 6. Nc3 e6 7. Qe2 Bb4 8.
Bd2 O-O 9. a3 Be7 10. O-O-O d5 11. e5 Nd7 12. f4 a6 13. Qh5 Qc7 14. Bd3 g6 15.
Qg4 f5 16. Qg3 Kg7 17. h4 h5 18. Be2 Kh7 19. Be3 b5 20. Nd4 Nxd4 21. Bxd4 Rb8
22. Na2 Nb6 23. Rd3 Nc4 24. b4 a5 25. Rb3 axb4 26. Nxb4 Bb7 27. Rh3 Nxa3 28.
Rxa3 Bxb4 29. Rb3 Rfc8 30. Qd3 Be7 31. Rc3 Bc6 32. Bc5 b4 33. Bxe7 bxc3 34. Bd6
Rb1+ 35. Kxb1 Qb6+ 36. Ka2 Qb2# 0-1

[Event "Malta-Open 2014"]
[Site "Sliema"]
[Date "2014.11.17"]
[Round "1.3"]
[White "Bayarsaikhan, Gundavaa"]
[Black "Thornton, Filipina"]
[Result "1-0"]
[WhiteElo "2492"]
[BlackElo "1838"]
[Annotator "chessorg"]
[PlyCount "51"]
[EventDate "2014.??.??"]

1. e4 c5 2. Nf3 Nf6 3. e5 Nd5 4. g3 d6 5. Bg2 Nc6 6. exd6 Qxd6 7. O-O g6 8. d4
Bg7 9. c4 Nb6 10. d5 Nd4 11. Nxd4 Bxd4 12. Nc3 Bd7 13. Ne4 Qe5 14. Re1 O-O 15.
Nxc5 Qf6 16. Ne4 Qg7 17. Bh6 Bxf2+ 18. Nxf2 Qxh6 19. c5 Nc4 20. Qd4 Bb5 21. b3
e5 22. Qc3 Na3 23. Qb2 Nc4 24. bxc4 Bxc4 25. Qxe5 Qd2 26. Ne4 1-0

[Event "Malta-Open 2014"]
[Site "Sliema"]
[Date "2014.11.17"]
[Round "2.1"]
[White "Schmidt, Kai Uwe"]
[Black "Teske, Henrik"]
[Result "0-1"]
[WhiteElo "2015"]
[BlackElo "2502"]
[Annotator "chessorg"]
[PlyCount "78"]
[EventDate "2014.??.??"]
[WhiteTeam "KKS KÃ¶ln"]

1. d4 Nf6 2. c4 g6 3. Nc3 d5 4. Nf3 Bg7 5. cxd5 Nxd5 6. e4 Nxc3 7. bxc3 O-O 8.
Rb1 b6 9. Bc4 Bb7 10. Qd3 a6 11. a4 Nc6 12. h4 Na5 13. Ba2 h5 14. Ng5 c5 15.
Be3 b5 16. axb5 axb5 17. O-O Ba6 18. e5 c4 19. Qe2 Qd5 20. f4 f6 21. Nh3 Bb7
22. Rb2 Nb3 23. Qf3 Qxf3 24. gxf3 Ra3 25. Bb1 f5 26. Rg2 Ra6 27. Kh2 Bh6 28.
Ng5 Bxg5 29. Rxg5 Kf7 30. Rg2 Rfa8 31. Rgf2 Bd5 32. Kg2 Ra4 33. Bc1 Nxc1 34.
Rxc1 b4 35. cxb4 Rxb4 36. Ba2 Ra3 37. Rfc2 Rxf3 38. Bxc4 Rxc4 39. Rxc4 Rc3+ 0-1

[Event "Malta-Open 2014"]
[Site "Sliema"]
[Date "2014.11.17"]
[Round "2.2"]
[White "Petrov, Marijan"]
[Black "Cichy, Michael"]
[Result "1-0"]
[WhiteElo "2497"]
[BlackElo "2006"]
[Annotator "chessorg"]
[PlyCount "109"]
[EventDate "2014.??.??"]
[BlackTeam "SC Braunschweig Gliedmarode"]

1. e4 c5 2. Nf3 e6 3. c3 Nf6 4. e5 Nd5 5. d4 cxd4 6. cxd4 b6 7. Bc4 Ba6 8. Bxd5
exd5 9. a3 Be7 10. Nc3 O-O 11. Nxd5 d6 12. b4 dxe5 13. dxe5 Nc6 14. Bb2 Re8 15.
Qb3 Bd6 16. O-O-O Nxe5 17. Kb1 Bc4 18. Qc3 Rc8 19. Qd4 Bb8 20. Ne3 Qxd4 21.
Nxd4 b5 22. Nxc4 Nxc4 23. Bc1 a6 24. Rhe1 Kf8 25. Nf5 Be5 26. g4 g6 27. Ng3 Bc3
28. Re4 Rcd8 29. Rxe8+ Rxe8 30. f3 Re6 31. Ne4 Bf6 32. Rd7 Be5 33. Ng5 Rd6 34.
Rxf7+ Kg8 35. Rxh7 Rd3 36. Re7 Rb3+ 37. Kc2 Rc3+ 38. Kd1 Bxh2 39. Re6 Kg7 40.
Re7+ Kg8 41. Ne6 Rxf3 42. Re8+ Kf7 43. Rf8+ Kxe6 44. Rxf3 Be5 45. Rf8 a5 46.
Kc2 axb4 47. axb4 Nd6 48. Kd3 Nf7 49. Rg8 Kf6 50. Ke4 Bc3 51. g5+ Nxg5+ 52.
Bxg5+ Kxg5 53. Rb8 Kh4 54. Rxb5 g5 55. Kd3 1-0

[Event "Malta-Open 2014"]
[Site "Sliema"]
[Date "2014.11.17"]
[Round "2.3"]
[White "Schmidt, Jürgen"]
[Black "Bayarsaikhan, Gundavaa"]
[Result "0-1"]
[WhiteElo "1992"]
[BlackElo "2492"]
[Annotator "chessorg"]
[PlyCount "78"]
[EventDate "2014.??.??"]
[WhiteTeam "SCK"]

1. e4 g6 2. d4 Bg7 3. Nf3 d6 4. h3 Nf6 5. Nc3 O-O 6. Bg5 c5 7. Qd2 cxd4 8. Nxd4
Nc6 9. Nxc6 bxc6 10. Bh6 Bxh6 11. Qxh6 Rb8 12. Rb1 Qa5 13. Qd2 e5 14. Bd3 d5
15. exd5 cxd5 16. O-O Qb6 17. Rfe1 Re8 18. Bf1 Bb7 19. b4 Bc6 20. Qg5 Nd7 21.
a4 a5 22. b5 Ba8 23. Nd1 f6 24. Qh4 Kg7 25. Ne3 f5 26. c4 d4 27. Nd5 Bxd5 28.
cxd5 Nc5 29. g4 f4 30. g5 Qd6 31. Bc4 e4 32. b6 d3 33. Bb5 Re7 34. Bc6 Qe5 35.
Rec1 e3 36. Rxc5 e2 37. d6 Qxc5 38. dxe7 d2 39. Qh6+ Kg8 0-1

[Event "Malta-Open 2014"]
[Site "Sliema"]
[Date "2014.11.18"]
[Round "3.1"]
[White "Teske, Henrik"]
[Black "Cilia Vincenti, David"]
[Result "1-0"]
[WhiteElo "2502"]
[BlackElo "2119"]
[Annotator "chessorg"]
[PlyCount "87"]
[EventDate "2014.??.??"]

1. Nf3 e6 2. d4 f5 3. Bf4 Nf6 4. e3 b6 5. c4 Bb7 6. Nc3 Bb4 7. Bd3 O-O 8. O-O
Bxc3 9. bxc3 Be4 10. Be2 d6 11. Ng5 Qe7 12. d5 exd5 13. f3 h6 14. Nh3 g5 15.
Bg3 Nbd7 16. fxe4 Qxe4 17. cxd5 Rae8 18. Bd3 Qxe3+ 19. Bf2 Qe5 20. Bd4 Qxd5 21.
Qb3 Qxb3 22. axb3 a5 23. Rxf5 c5 24. Bxf6 Rxf6 25. Raf1 Re3 26. Nf2 Rxf5 27.
Bxf5 Ne5 28. Ne4 Kg7 29. Rd1 c4 30. Kf2 Ng4+ 31. Bxg4 Rxe4 32. Bf3 Rf4 33. bxc4
g4 34. Ke3 Rxc4 35. Kd3 b5 36. Bd5 Rc5 37. Kd4 Kf6 38. Re1 b4 39. Re6+ Kg5 40.
c4 a4 41. Rxd6 Ra5 42. c5 b3 43. c6 b2 44. Ba2 1-0

[Event "Malta-Open 2014"]
[Site "Sliema"]
[Date "2014.11.18"]
[Round "3.2"]
[White "Valguarnera, Girolamo"]
[Black "Petrov, Marijan"]
[Result "*"]
[WhiteElo "2060"]
[BlackElo "2497"]
[Annotator "chessorg"]
[PlyCount "86"]
[EventDate "2014.??.??"]

1. e4 c5 2. Nf3 Nc6 3. d4 cxd4 4. Nxd4 Nf6 5. Nc3 e6 6. Nxc6 bxc6 7. Bd3 d5 8.
O-O Be7 9. Qe2 O-O 10. Re1 d4 11. Nb1 e5 12. Nd2 Bg4 13. f3 Be6 14. Nc4 Nd7 15.
a4 Rb8 16. b3 Bb4 17. Rf1 Qe7 18. f4 exf4 19. Bxf4 Rbe8 20. Kh1 Bxc4 21. bxc4
Nc5 22. e5 f6 23. e6 f5 24. Rab1 Nxe6 25. Qf3 Qc5 26. Qh3 g6 27. Qh6 Rf7 28.
Bd2 Bxd2 29. Qxd2 Rfe7 30. a5 Nd8 31. a6 Nf7 32. Rb7 Qa3 33. c5 Qxc5 34. h4
Rxb7 35. axb7 Qb6 36. Bc4 Qxb7 37. h5 Qe7 38. Qxd4 c5 39. Qd5 Rd8 40. Qe6 Qxe6
41. Bxe6 Rd6 42. hxg6 hxg6 43. Bb3 Rd4 *

[Event "Malta-Open 2014"]
[Site "Sliema"]
[Date "2014.11.18"]
[Round "3.3"]
[White "Bayarsaikhan, Gundavaa"]
[Black "Grahn, Lars"]
[Result "1-0"]
[WhiteElo "2492"]
[BlackElo "2057"]
[Annotator "chessorg"]
[PlyCount "55"]
[EventDate "2014.??.??"]
[BlackTeam "Limhamns SK"]

1. e4 Nf6 2. e5 Nd5 3. d4 d6 4. Nf3 dxe5 5. Nxe5 c6 6. Be2 Nd7 7. Nf3 Qc7 8.
O-O e6 9. Re1 Be7 10. c4 N5f6 11. Nc3 O-O 12. Bg5 b6 13. Rc1 Rd8 14. Bd3 Bb7
15. Qe2 Re8 16. Ne5 Nf8 17. Qf3 Rac8 18. c5 N8d7 19. Qh3 g6 20. Bc4 Nxe5 21.
dxe5 Nd7 22. Ne4 Bxg5 23. Nxg5 Nf8 24. Ne4 Re7 25. Qh4 bxc5 26. Rc3 Rd8 27. Rh3
Rd4 28. Nf6+ 1-0

[Event "Malta-Open 2014"]
[Site "Sliema"]
[Date "2014.11.18"]
[Round "4.1"]
[White "Ahlander, Björn"]
[Black "Teske, Henrik"]
[Result "1/2-1/2"]
[WhiteElo "2395"]
[BlackElo "2502"]
[Annotator "chessorg"]
[PlyCount "38"]
[EventDate "2014.??.??"]
[WhiteTeam "Limhamns SK"]

1. c4 e6 2. Nc3 d5 3. d4 a6 4. cxd5 exd5 5. Nf3 c6 6. Qc2 Bd6 7. Bg5 Ne7 8. e3
Bg4 9. Bd3 Nd7 10. O-O-O h6 11. Bh4 Qc7 12. Bxe7 Kxe7 13. e4 dxe4 14. Rhe1 Kf8
15. Bxe4 Nf6 16. h3 Bxf3 17. Bxf3 g6 18. Ne4 Nxe4 19. Rxe4 Kg7 1/2-1/2

[Event "Malta-Open 2014"]
[Site "Sliema"]
[Date "2014.11.18"]
[Round "4.2"]
[White "Petrov, Marijan"]
[Black "Amato, Andrea"]
[Result "*"]
[WhiteElo "2497"]
[BlackElo "2331"]
[Annotator "chessorg"]
[PlyCount "87"]
[EventDate "2014.??.??"]
[BlackTeam "Circolo Palermitano Scacchi"]

1. e4 c5 2. Nc3 Nc6 3. Nf3 g6 4. Bb5 Nd4 5. Bc4 Bg7 6. Nxd4 cxd4 7. Qf3 Nh6 8.
Ne2 d6 9. O-O O-O 10. c3 Qc7 11. Bb3 dxc3 12. Nxc3 Ng4 13. Nd5 Qd8 14. Qd1 e6
15. Nc3 Qh4 16. h3 Nxf2 17. Rxf2 Bd4 18. Qe2 f5 19. Nd1 fxe4 20. Ne3 Bd7 21. a4
d5 22. Bd1 b5 23. Qe1 Rf6 24. Re2 Qf4 25. g3 Qh6 26. Kh2 e5 27. h4 Bxe3 28.
dxe3 Qf8 29. Bb3 Be6 30. Bd2 Rf3 31. Qg1 Qf5 32. Qg2 Rf8 33. axb5 Qg4 34. Be1
R8f7 35. Rd1 Rd7 36. Bc3 Qh5 37. Kg1 Rxg3 38. Qxg3 Qxe2 39. Re1 Qh5 40. Bxe5
Rf7 41. Rf1 Rf5 42. Rxf5 Qxf5 43. Bd4 Bd7 44. Qg5 *

[Event "Malta-Open 2014"]
[Site "Sliema"]
[Date "2014.11.18"]
[Round "4.3"]
[White "Heimerdinger, Jörg"]
[Black "Bayarsaikhan, Gundavaa"]
[Result "0-1"]
[WhiteElo "2137"]
[BlackElo "2492"]
[Annotator "chessorg"]
[PlyCount "54"]
[EventDate "2014.??.??"]
[WhiteTeam "TSV Bindlach-Aktioner"]

1. e4 c5 2. Nf3 Nc6 3. Bb5 d6 4. Bxc6+ bxc6 5. d3 e5 6. h3 Nf6 7. Nc3 Be7 8.
O-O O-O 9. b3 Ne8 10. Ne2 f5 11. exf5 Bxf5 12. Ng3 Bg6 13. Qe2 Nc7 14. Re1 Ne6
15. c3 Qa5 16. d4 Qxc3 17. Bd2 Qd3 18. Qxd3 Bxd3 19. dxe5 d5 20. Be3 a5 21.
Red1 Bg6 22. Rac1 Ra6 23. h4 h6 24. h5 Bh7 25. Ne1 a4 26. Nd3 d4 27. Bd2 Bxd3
0-1

[Event "Malta-Open 2014"]
[Site "Sliema"]
[Date "2014.11.19"]
[Round "5.1"]
[White "Bayarsaikhan, Gundavaa"]
[Black "Petrov, Marijan"]
[Result "1/2-1/2"]
[WhiteElo "2492"]
[BlackElo "2497"]
[Annotator "chessorg"]
[PlyCount "36"]
[EventDate "2014.??.??"]

1. d4 g6 2. c4 Bg7 3. Nc3 c5 4. d5 d6 5. e4 e6 6. Bd3 Nf6 7. h3 O-O 8. Nf3 exd5
9. cxd5 a6 10. a4 Nh5 11. O-O Nd7 12. Bg5 Bf6 13. Be3 Ne5 14. Be2 Nxf3+ 15.
Bxf3 Ng7 16. Be2 Re8 17. Bd3 Bd7 18. Qc2 Rc8 1/2-1/2

[Event "Malta-Open 2014"]
[Site "Sliema"]
[Date "2014.11.19"]
[Round "5.2"]
[White "Teske, Henrik"]
[Black "Petrov, Nikita"]
[Result "*"]
[WhiteElo "2502"]
[BlackElo "2425"]
[Annotator "chessorg"]
[PlyCount "25"]
[EventDate "2014.??.??"]
[BlackTeam "CGE Geneve"]

1. d4 Nf6 2. Bg5 c5 3. Bxf6 gxf6 4. dxc5 Na6 5. Nd2 Nxc5 6. Ngf3 f5 7. Nb3 Bg7
8. c3 Ne4 9. e3 e6 10. Qc2 d5 11. Bb5+ Bd7 12. Nbd4 Rc8 13. Bxd7+ *

[Event "Malta-Open 2014"]
[Site "Sliema"]
[Date "2014.11.19"]
[Round "5.29"]
[White "Gil, Arthur"]
[Black "Wiesemann, Peter"]
[Result "1-0"]
[WhiteElo "2033"]
[BlackElo "1843"]
[Annotator "chessorg"]
[PlyCount "41"]
[EventDate "2014.??.??"]
[WhiteTeam "SU Ebersberg-Grafing"]
[BlackTeam "Elberfelder SG 1851"]

1. e4 c6 2. d4 d5 3. e5 Bf5 4. Nf3 e6 5. Be2 Nd7 6. O-O h6 7. Be3 Rc8 8. Nbd2
c5 9. c4 Nb6 10. cxd5 exd5 11. Bb5+ Bd7 12. e6 Bxb5 13. exf7+ Kxf7 14. Ne5+ Ke6
15. Qg4+ Kf6 16. Qg6+ Ke7 17. Qf7+ Kd6 18. Bf4 Rc7 19. Nd7+ Kc6 20. Qe6+ Bd6
21. Qxd6# 1-0

[Event "Malta-Open 2014"]
[Site "Sliema"]
[Date "2014.11.20"]
[Round "6.1"]
[White "Petrov, Marijan"]
[Black "Ahlander, Björn"]
[Result "1/2-1/2"]
[WhiteElo "2497"]
[BlackElo "2395"]
[Annotator "chessorg"]
[PlyCount "118"]
[EventDate "2014.??.??"]
[BlackTeam "Limhamns SK"]

1. e4 e5 2. Nf3 Nc6 3. Nc3 Nf6 4. g3 Bc5 5. Bg2 d6 6. d3 a6 7. O-O Be6 8. h3 h6
9. Be3 Bxe3 10. fxe3 d5 11. exd5 Nxd5 12. Nxd5 Bxd5 13. Nxe5 Nxe5 14. Qh5 Qd6
15. d4 Bxg2 16. dxe5 Qe6 17. Kxg2 O-O 18. Qf5 Qc6+ 19. Qf3 Qb5 20. b3 Rae8 21.
c4 Qb4 22. Rad1 Rxe5 23. Rd7 Re7 24. Rxe7 Qxe7 25. Qxb7 Rd8 26. Qf3 Rd3 27. Re1
g6 28. Re2 h5 29. h4 Kg7 30. Qf4 c5 31. e4 Qe6 32. e5 a5 33. Rf2 a4 34. Rf3
Rxf3 35. Kxf3 axb3 36. axb3 Qh3 37. Ke4 Qh1+ 38. Qf3 Qa1 39. Qf6+ Kg8 40. Kd5
Qc3 41. Kxc5 Qxb3 42. Qd8+ Kg7 43. Qf6+ Kg8 44. Qf4 Qa3+ 45. Kd5 Qa8+ 46. Kd4
Qa1+ 47. Kd3 Qa3+ 48. Ke2 Qa2+ 49. Kf1 Qb1+ 50. Kg2 Qd3 51. Kh3 Qd7+ 52. Kh2
Qd3 53. Kg2 Kg7 54. c5 Qd5+ 55. Kh2 Qxc5 56. Qf6+ Kg8 57. e6 Qc2+ 58. Kh3 fxe6
59. Qxe6+ Kg7 1/2-1/2

[Event "Malta-Open 2014"]
[Site "Sliema"]
[Date "2014.11.20"]
[Round "6.2"]
[White "Bentivegna, Francesco"]
[Black "Bayarsaikhan, Gundavaa"]
[Result "0-1"]
[WhiteElo "2308"]
[BlackElo "2492"]
[Annotator "chessorg"]
[PlyCount "48"]
[EventDate "2014.??.??"]

1. d4 Nf6 2. Nc3 d5 3. Bf4 a6 4. e3 c5 5. dxc5 Qa5 6. Bxb8 Rxb8 7. Qd4 e6 8. b4
Qc7 9. Nf3 b6 10. cxb6 Rxb6 11. Rb1 Bd6 12. b5 O-O 13. a4 a5 14. Bd3 Bb7 15.
Rb3 e5 16. Qh4 e4 17. O-O exf3 18. gxf3 h6 19. Ne2 Nd7 20. Rc3 Qd8 21. Qxd8
Rxd8 22. Nd4 Nc5 23. Ra1 Ne6 24. Nc6 Rc8 0-1

[Event "Malta-Open 2014"]
[Site "Sliema"]
[Date "2014.11.20"]
[Round "6.3"]
[White "Petrov, Nikita"]
[Black "Roig Aguilar, Alejandro"]
[Result "1-0"]
[WhiteElo "2425"]
[BlackElo "2166"]
[Annotator "chessorg"]
[PlyCount "55"]
[EventDate "2014.??.??"]
[WhiteTeam "CGE Geneve"]
[BlackTeam "Circulo Mercantil Castellon"]

1. e4 c5 2. c3 Nf6 3. e5 Nd5 4. d4 cxd4 5. Nf3 Nc6 6. Bc4 Nb6 7. Bb3 d5 8. exd6
Qxd6 9. O-O Be6 10. Na3 dxc3 11. Bxe6 Qxe6 12. Nb5 Qc8 13. Bf4 cxb2 14. Nc7+
Qxc7 15. Bxc7 bxa1=Q 16. Qxa1 Nd5 17. Qb2 Rc8 18. Qxb7 Rxc7 19. Qa8+ Kd7 20.
Ne5+ Ke6 21. Nxc6 Kd6 22. Nxa7 Rc5 23. Qb8+ Ke6 24. Re1+ Kf6 25. h4 h5 26. Qg3
Nc7 27. Nc6 Ne6 28. Ne5 1-0

[Event "Malta-Open 2014"]
[Site "Sliema"]
[Date "2014.11.21"]
[Round "8.1"]
[White "Ekstroem, Roland"]
[Black "Bayarsaikhan, Gundavaa"]
[Result "0-1"]
[WhiteElo "2396"]
[BlackElo "2492"]
[Annotator "chessorg"]
[PlyCount "154"]
[EventDate "2014.??.??"]

1. e4 c5 2. c3 Nf6 3. e5 Nd5 4. d4 cxd4 5. Nf3 e6 6. cxd4 d6 7. Bc4 Nc6 8. O-O
Be7 9. exd6 Qxd6 10. Nc3 O-O 11. Re1 Nxc3 12. bxc3 b6 13. Bd3 Bb7 14. Qc2 g6
15. Bh6 Rfe8 16. Rad1 Rac8 17. Qe2 Bf8 18. Bc1 Ne7 19. c4 Bxf3 20. Qxf3 Nc6 21.
d5 Ne5 22. Qe4 exd5 23. cxd5 Nxd3 24. Qxd3 Rxe1+ 25. Rxe1 Qb4 26. Rd1 Qc4 27.
Qxc4 Rxc4 28. g3 Bd6 29. Bh6 f6 30. Re1 Kf7 31. Re6 Be7 32. Be3 Ra4 33. Rc6 Bd8
34. Rc2 Ra5 35. Rd2 Ke7 36. h4 Kd7 37. Kg2 Be7 38. Kf3 Ba3 39. Ke4 Bc1 40. Rc2
Bxe3 41. fxe3 Ra4+ 42. Kf3 f5 43. h5 Kd6 44. h6 g5 45. Rc6+ Kxd5 46. Rc7 g4+
47. Ke2 Rxa2+ 48. Kd3 Ra3+ 49. Ke2 Ke6 50. Rxh7 Kf6 51. Rb7 Ra2+ 52. Kd3 Rh2
53. h7 Kg6 54. Rxa7 Rxh7 55. Ra6 Rd7+ 56. Ke2 Rd6 57. Ra8 Kf6 58. Rf8+ Ke5 59.
Re8+ Kd5 60. Rf8 Ke6 61. Re8+ Kf6 62. Rf8+ Ke5 63. Re8+ Re6 64. Rd8 Rh6 65.
Re8+ Kd5 66. Rf8 Rh2+ 67. Kd3 Rf2 68. Rd8+ Kc5 69. Rg8 Rf3 70. Rg5 Kb4 71. Kd4
Rxg3 72. Rxf5 Rg1 73. e4 g3 74. Ke3 Re1+ 75. Kf3 g2 76. Kxg2 Rxe4 77. Kf3 Re6
0-1

[Event "Malta-Open 2014"]
[Site "Sliema"]
[Date "2014.11.21"]
[Round "8.2"]
[White "Sos Andreu, Eric"]
[Black "Ahlander, Björn"]
[Result "0-1"]
[WhiteElo "2373"]
[BlackElo "2395"]
[Annotator "chessorg"]
[PlyCount "84"]
[EventDate "2014.??.??"]
[WhiteTeam "Circulo Mercantil Castellon"]
[BlackTeam "Limhamns SK"]

1. d4 f5 2. g3 Nf6 3. Bg2 g6 4. Nf3 Bg7 5. O-O O-O 6. b3 d6 7. Bb2 a5 8. c4 a4
9. b4 Ne4 10. Qc2 Qe8 11. d5 Bxb2 12. Qxb2 e5 13. dxe6 Bxe6 14. Rc1 Nc6 15. a3
Qf7 16. Nbd2 h6 17. Qc2 Nxd2 18. Qxd2 Kh7 19. Nd4 Nxd4 20. Qxd4 Rab8 21. c5 Qg7
22. Qxg7+ Kxg7 23. cxd6 cxd6 24. Rd1 Rfd8 25. Rac1 Rd7 26. e3 Kf6 27. Bf1 Bb3
28. Rd4 d5 29. Rd3 Rbd8 30. Rd4 Rd6 31. Bb5 Rb6 32. Rc5 Rdd6 33. f3 Rxb5 34.
Rxb5 b6 35. e4 fxe4 36. fxe4 Ke5 37. Rdxd5+ Bxd5 38. Rxd5+ Rxd5 39. exd5 Kxd5
40. Kf2 Kc4 41. Ke3 h5 42. h4 Kb3 0-1

[Event "Malta-Open 2014"]
[Site "Sliema"]
[Date "2014.11.21"]
[Round "8.3"]
[White "Maloberti, David"]
[Black "Teske, Henrik"]
[Result "1/2-1/2"]
[WhiteElo "2064"]
[BlackElo "2502"]
[Annotator "chessorg"]
[PlyCount "149"]
[EventDate "2014.??.??"]
[WhiteTeam "Les sables d olonne"]

1. d4 Nf6 2. c4 e6 3. Nf3 c5 4. e3 d5 5. cxd5 Nxd5 6. e4 Nb6 7. Nc3 cxd4 8.
Qxd4 Bd7 9. Bg5 Nc6 10. Qd2 Be7 11. Bxe7 Qxe7 12. Be2 O-O 13. O-O Rfd8 14. Rad1
Qb4 15. b3 Ne7 16. Nb5 Qxd2 17. Rxd2 Bxb5 18. Rxd8+ Rxd8 19. Bxb5 a6 20. Be2
Rc8 21. Rd1 Kf8 22. Bd3 Nc6 23. Bb1 Ke7 24. Kf1 Na7 25. Nd4 g6 26. f4 Nd7 27.
e5 Nc5 28. Ke2 a5 29. g4 Rd8 30. h4 h6 31. Bc2 g5 32. hxg5 hxg5 33. Ke3 gxf4+
34. Kxf4 Rh8 35. a3 Nd7 36. Be4 Nc5 37. Bc2 Rh2 38. b4 axb4 39. axb4 Nd7 40.
Be4 Rf2+ 41. Nf3 Rb2 42. Rb1 Rxb1 43. Bxb1 Nc6 44. b5 Nb4 45. Be4 Nc5 46. Ke3
b6 47. Nd4 Nxe4 48. Kxe4 Nd5 49. Kf3 Kf8 50. Kg3 Kg7 51. Kf2 Kg6 52. Kf3 Nc3
53. Kg3 Nb1 54. Nc6 Na3 55. Kf4 Nxb5 56. Ne7+ Kg7 57. Nc8 Nc3 58. Nxb6 Kg6 59.
Nc8 Nd5+ 60. Kg3 Nb4 61. Kh4 Nd3 62. Ne7+ Kh6 63. g5+ Kg7 64. Nc6 Nf4 65. Kg4
Ng6 66. Kf3 Kf8 67. Ke4 Ne7 68. Nd8 Kg7 69. Kd4 Kg6 70. Kc5 Nf5 71. Kc6 Ne3 72.
Kd7 Nc4 73. Nxf7 Kxf7 74. g6+ Kxg6 75. Kxe6 1/2-1/2

[Event "Malta-Open 2014"]
[Site "Sliema"]
[Date "2014.11.21"]
[Round "8.6"]
[White "Petrov, Marijan"]
[Black "Seyfried, Claus"]
[Result "1-0"]
[WhiteElo "2497"]
[BlackElo "2174"]
[Annotator "chessorg"]
[PlyCount "87"]
[EventDate "2014.??.??"]
[BlackTeam "Stuttgarter SF 1879"]

1. e4 e5 2. Nf3 Nc6 3. Bc4 Be7 4. d4 exd4 5. Nxd4 d6 6. Nxc6 bxc6 7. Qh5 d5 8.
exd5 Nf6 9. Qf3 cxd5 10. Bb5+ Bd7 11. Bxd7+ Qxd7 12. O-O O-O 13. Rd1 Rad8 14.
Nc3 c6 15. Be3 Ng4 16. Bf4 Qf5 17. Ne2 Ne5 18. Qe3 Bd6 19. Nd4 Qh5 20. Qg3 c5
21. Nb5 Bb8 22. Nxa7 Rfe8 23. Nb5 Re6 24. Kh1 Rg6 25. Qh3 Qe2 26. Rxd5 Re8 27.
Bxe5 Bxe5 28. Qe3 Qxb5 29. Rxe5 Rxe5 30. Qxe5 Re6 31. a4 Qb4 32. Qc3 Qxc3 33.
bxc3 Kf8 34. a5 Ra6 35. c4 Ke7 36. Kg1 Ke6 37. Kf1 Ke5 38. c3 g5 39. Ke2 f5 40.
Kd3 g4 41. Ke3 h5 42. f4+ gxf3 43. Kxf3 h4 44. Rb1 1-0

[Event "Malta-Open 2014"]
[Site "Sliema"]
[Date "2014.11.22"]
[Round "9.2"]
[White "Teske, Henrik"]
[Black "Bentivegna, Francesco"]
[Result "1-0"]
[WhiteElo "2502"]
[BlackElo "2308"]
[Annotator "chessorg"]
[PlyCount "69"]
[EventDate "2014.??.??"]

1. Nf3 d5 2. d4 Nf6 3. c4 dxc4 4. e3 Bg4 5. Bxc4 e6 6. Nc3 Nc6 7. h3 Bh5 8. Bb5
Bd6 9. e4 Nd7 10. Be3 O-O 11. O-O Nb6 12. Rc1 f5 13. e5 Be7 14. Bxc6 bxc6 15.
Ne2 Bxf3 16. gxf3 Nd5 17. f4 Rb8 18. Rxc6 Rxb2 19. Nc3 Rb6 20. Qa4 Nb4 21. Rc4
c6 22. Rb1 Ra6 23. Qb3 Nd5 24. Qb7 Nxc3 25. Rxc3 Rb6 26. Rxb6 axb6 27. Rxc6 Qd5
28. Rxb6 Qxb7 29. Rxb7 Bd8 30. a4 Re8 31. Bd2 Bh4 32. a5 Ra8 33. Rb6 Kf7 34. a6
Be7 35. Rb7 1-0

[Event "Malta-Open 2014"]
[Site "Sliema"]
[Date "2014.11.22"]
[Round "9.3"]
[White "Chetverik, Maxim"]
[Black "Petrov, Marijan"]
[Result "0-1"]
[WhiteElo "2259"]
[BlackElo "2497"]
[Annotator "chessorg"]
[PlyCount "94"]
[EventDate "2014.??.??"]
[WhiteTeam "Woronesh"]

1. d4 g6 2. c4 Bg7 3. Nc3 c5 4. d5 d6 5. e4 e6 6. Bd3 Nf6 7. h3 O-O 8. Nf3 exd5
9. exd5 Re8+ 10. Be3 Bh6 11. O-O Bxe3 12. fxe3 Qe7 13. e4 Rf8 14. Qd2 Ne8 15.
Bc2 Nd7 16. Ba4 f6 17. Rf2 Nc7 18. Bxd7 Bxd7 19. a4 Na6 20. b3 Nb4 21. Re2 a6
22. Na2 Nxa2 23. Rxa2 b5 24. b4 cxb4 25. cxb5 axb5 26. a5 Rfc8 27. Qxb4 Rc4 28.
Qe1 Qd8 29. Nd2 Rc3 30. e5 dxe5 31. Ne4 Rc4 32. g4 Ra6 33. g5 fxg5 34. Qg3 Bf5
35. Qxe5 b4 36. d6 Rxe4 37. Rxe4 Bxe4 38. Qxe4 Qxd6 39. Kg2 Kg7 40. Qb7+ Kh6
41. Qf7 Qf4 42. Qg8 Rf6 43. a6 Qf3+ 44. Kh2 b3 45. a7 bxa2 46. a8=Q Qe2+ 47.
Kg3 Qe3+ 0-1